Catálogo
Digital

Catálogo
Digital

Ecuador Debate N°113. Desvanecimiento del Otro en la guerra de los discursos (Record no. 13553)

MARC details
000 -CABECERA
campo de control de longitud fija 01991nam a2200349 4500
003 - IDENTIFICADOR DEL NÚMERO DE CONTROL
campo de control EC-UNACH
005 - FECHA Y HORA DE LA ÚLTIMA TRANSACCIÓN
campo de control 20250515111815.0
006 - CÓDIGOS DE INFORMACIÓN DE LONGITUD FIJA--CARACTERÍSTICAS DEL MATERIAL ADICIONAL
campo de control de longitud fija s||||gr|||| 00| 00
008 - DATOS DE LONGITUD FIJA--INFORMACIÓN GENERAL
campo de control de longitud fija 150116t9999 mx r gr 000 0 spa d
020 ## - NÚMERO INTERNACIONAL ESTÁNDAR DEL LIBRO
Número Internacional Estándar del Libro 25287761
040 ## - FUENTE DE LA CATALOGACIÓN
Centro catalogador/agencia de origen EC-UNACH
Centro/agencia transcriptor EC-UNACH
041 ## - CÓDIGO DE LENGUA
Código de lengua del texto/banda sonora o título independiente spa
082 04 - NÚMERO DE LA CLASIFICACIÓN DECIMAL DEWEY
Número de edición 23
Número de clasificación 300
Número de documento/Ítem L017760
110 ## - ENTRADA PRINCIPAL--NOMBRE DE ENTIDAD CORPORATIVA
Nombre de entidad corporativa o nombre de jurisdicción como elemento de entrada Centro Andino de Acción Popular (CAAP)
245 ## - MENCIÓN DE TÍTULO
Título Ecuador Debate N°113. Desvanecimiento del Otro en la guerra de los discursos
250 ## - MENCIÓN DE EDICIÓN
Mención de edición First Edition
264 ## - Producción, publicación, distribución, fabricación y copyright
Lugar de producción, publicación, distribución, fabricación Quito – Ecuador
Nombre del de productor, editor, distribuidor, fabricante CAAP
Fecha de de producción, publicación, distribución, fabricación o copyright 2021
300 ## - DESCRIPCIÓN FÍSICA
Extensión 248 páginas
Otras características físicas Tablas, Mapas
Dimensiones 14,5 X 21 cm
505 ## - NOTA DE CONTENIDO CON FORMATO
Nota de contenido con formato COYUNTURA.- Ecuador en la trampa de un futuro pasadista. -- Conflictividad socio-política: Marzo-Junio 2021. -- TEMA CENTRAL.- Cultura, política y guerras discursivas. -- Una nueva era: la guerra de los discursos. -- Forma natural humana frente a la crisis de identidad múltiple. -- La benévola negación del otro. Las protestas en Colombia del 2021. -- "Una breve historia de los humanos". Pequeño ejercicio de traducción. -- Las instituciones políticas como espacios terceros. -- La escuela un lugar para re-escribir los enigmas de la vida. -- DEBATE AGRARIO.- Pensar la transición de los territorios en los Andes rurales del Ecuador. -- ANÁLISIS.- Postdemocracia, capital (i)legal y extractivismo. -- La comunicación en los medios: una lectura sociológica de la movilización de octubre 2019 en Ecuador. RESEÑAS.- Presidentes empresarios y Estados capturados: América Latina en el Siglo XXI. Patrimonios alimentarios en América Latina. Recursos locales, actores y globalización.
700 ## - PUNTO DE ACCESO ADICIONAL--NOMBRE DE PERSONA
Nombre de persona Martínez Borrero, Juan
700 ## - PUNTO DE ACCESO ADICIONAL--NOMBRE DE PERSONA
Nombre de persona Ruiz Acosta, Miguel
700 ## - PUNTO DE ACCESO ADICIONAL--NOMBRE DE PERSONA
Nombre de persona Rebaï, Nasser
700 ## - PUNTO DE ACCESO ADICIONAL--NOMBRE DE PERSONA
Nombre de persona Dupret, Marie-Astrid
700 ## - PUNTO DE ACCESO ADICIONAL--NOMBRE DE PERSONA
Nombre de persona Sarango Reyes, Carlos
942 ## - ELEMENTOS DE PUNTO DE ACCESO ADICIONAL (KOHA)
Fuente del sistema de clasificación o colocación Clasificación Decimal Dewey
Tipo de ítem Koha Libros
999 ## - NÚMEROS DE CONTROL DE SISTEMA (KOHA)
Koha biblionumber 13553
Holdings
Estado de pérdida Fuente del sistema de clasificación o colocación Estado dañado No para préstamo Localización permanente Ubicación/localización actual Ubicación en estantería Fecha de adquisición Fuente de adquisición Número de inventario Total de préstamos Signatura topográfica completa Código de barras Fecha visto por última vez Precio válido a partir de Tipo de ítem Koha Centro de costos
  Clasificación Decimal Dewey     Biblioteca Campus Norte Biblioteca Campus Norte Facultad de Ciencias Políticas y Administrativas - Generalidades 25/04/2025 Donación CAAP 39686991   300 CEN L017760 L017760 25/04/2025 25/04/2025 Libros  

Powered by Koha